| 000 | 01323nam a2200265Ia 4500 | ||
|---|---|---|---|
| 999 |
_c49359 _d49359 |
||
| 001 | 16276 | ||
| 003 | GE_BSU | ||
| 005 | 20200527132527.0 | ||
| 008 | 181216s2015 xx |||||||||||||| ||geo|| | ||
| 020 | _a9789941940644 | ||
| 040 | _cGE_BSU | ||
| 080 | _a343.2 ჯ-56 | ||
| 100 |
_aჯიშკარიანი, ბაჩანა. _94792 |
||
| 245 |
_aკაზუსები სისხლის სამართლის ზოგად ნაწილში=Fälle zum strafrecht allgemeiner teil / _cბაჩანა ჯიშკარიანი ; სამეცნ.რედ:გიორგი დგებუაძე. |
||
| 264 |
_aთბილისი : _bიურისტების სამყარო, _c2015 |
||
| 300 |
_a136 გვ.: _c20 სმ. |
||
| 504 | _aბიბლიოგრ.გვ. 132-135. | ||
| 520 | _aპარალ. თავფურ. გერმ. | ||
| 541 | _h12 ლ. | ||
| 653 | _aFälle zum strafrecht allgemeiner teil | ||
| 653 | _aსამართალი | ||
| 653 | _aსისხლის სამართალი. კაზუსის დამუშავების მეთოდიკა. | ||
| 700 |
_aდგებუაძე, გიორგი _eსამეცნიერო რედაქტორი _98213 |
||
| 942 |
_cBK _2udc |
||